01504nam a2200337Ia 450000500170000000800410001702000190005810000240007724501360010125000390023730000510027649000450032752002350037253400170060765000560062465000550068065000420073565000370077765000360081465000410085070000300089170000320092194200150095326400490096833600270101733700330104433800280107704000350110508400110114099900150115120220317000949.0160825s2008 mx a g 000 0 spa  a978968164110121 aOram, Hiawynd1946-10aEn el desvánctexto de Hiawyn Oram ; ilustraciones de Satoshi Kitamura ; traducción Catalina Domínguez ; editor Daniel Goldin a1a. edición b6a. reimpresión  a26 páginas bilustraciones en color c24 cm  aLos especiales de A la orilla del viento aNarración simple en la escritura deviene compleja por medio de la imagen; de este modo un relato apenas delineado sugiere a través de la ilustración múltiples relaciones y permite abrir la narración hacia nuevos sentidos tIn the Attic142LEMB aÁlbumes infantiles sur africanosySiglo XX142LEMB aLiteratura infantil sur africana ySiglo XX142LEMB aImaginación en la literatura142LEMB aAnimales en la literatura142LEMB aNiños en la literatura142LEMBaLibros ilustrados para niños1 aSatoshi, Kitamura 9637231 aDomínguez, Catalina98120 2loccBKINF aMéxicobFondo de Cultura Económicac2008 atextobtxt2rdacontent asin mediaciónbn2rdamedia avolumenbnc2rdacarrier aCO-BoRNBPbspaerdacCO-BoRNBP aA HIA1 c5538d5538